000 00715nam a2200229 a 4500
001 65451
003 BD-RjUL
005 20211209081428.0
008 170306s1777 ie 000 0 eng
035 _a(BD-RjUL)65581
040 _aDLC
_cNRU
_dBD-RjUL
_beng
041 _aeng
082 _223
_a320.73
_bBUL 1777
100 1 _aBurke, Edmund,
_d1729-1797.
_9193701
245 0 2 _aA letter from Edmund Burke /
_cEdmund Burke
260 _aLondon :
_bPrinted for the author,
_c1777.
300 _a69 p. ;
_c21 cm.
651 0 _aUnited States
_xPolitics and government
_y1775-1783.
_9191856
651 0 _aGreat Britain
_xPolitics and government
_y1760-1789
_xPamphlets.
_9193702
942 _2ddc
_cBK
999 _c65451
_d65451